|
|
|
|
| LEADER |
01047naa a2200265 i 4500 |
| 001 |
acta64850 |
| 005 |
20260224081030.0 |
| 008 |
200319s2019 hu o 100 eng d |
| 020 |
|
|
|a 978-963-306-702-4
|
| 040 |
|
|
|a SZTE Egyetemi Kiadványok Repozitórium
|b hun
|
| 041 |
|
|
|a eng
|
| 100 |
1 |
|
|a Bucur Alexandra Ioana
|
| 245 |
1 |
0 |
|a High aspect ratio hydroxyapatite for low density aerogels
|h [elektronikus dokumentum] /
|c Bucur Alexandra Ioana
|
| 260 |
|
|
|c 2019
|
| 300 |
|
|
|a 263-264
|
| 490 |
0 |
|
|a Proceedings of the International Symposium on Analytical and Environmental Problems
|
| 695 |
|
|
|a Elektrokémia - előadáskivonat
|
| 700 |
0 |
1 |
|a Tăranu Bogdan
|e aut
|
| 700 |
0 |
1 |
|a Sebarchievici Iuliana
|e aut
|
| 700 |
0 |
1 |
|a Mosoarca Cristina
|e aut
|
| 700 |
0 |
1 |
|a Pascariu Mihai-Cosmin
|e aut
|
| 700 |
0 |
1 |
|a Orha Corina
|e aut
|
| 700 |
0 |
1 |
|a Banica Radu
|e aut
|
| 710 |
|
|
|a International Symposium on Analytical and Environmental Problems (25.) (2019) (Szeged)
|
| 856 |
4 |
0 |
|u http://acta.bibl.u-szeged.hu/64850/1/proceedings_of_isaep_2019_263-264.pdf
|z Dokumentum-elérés
|